Tuyển tập các tiêu chuẩn quốc gia (TCVN) về vật liệu điện, cách điện và bộ phận của thiết bị điện. Tập 1

Saved in:
Bibliographic Details
Format: Sách
Language:Undetermined
Published:  Tổng cục Tiêu chuẩn - Đo lường - Chất lượng  2010
Subjects:
Tags: Add Tag
No Tags, Be the first to tag this record!
Institutions: Trung tâm Thư viện - Trường Đại học Công nghiệp TP. Hồ Chí Minh
LEADER 00606nam a2200133Ia 4500
001 UIH_06672
008 231011s9999 xx 000 0 und d
082 |a  621.317 
245 0 |a  Tuyển tập các tiêu chuẩn quốc gia (TCVN) về vật liệu điện, cách điện và bộ phận của thiết bị điện. Tập 1 
260 |b  Tổng cục Tiêu chuẩn - Đo lường - Chất lượng 
260 |c  2010 
650 |a  Điện học;  
927 |a Sách 
980 |a Trung tâm Thư viện - Trường Đại học Công nghiệp TP. Hồ Chí Minh